|
|
|
|
| LEADER |
00000cam a2200000 7i4500 |
| 001 |
0000005003 |
| 002 |
000005394 |
| 005 |
20000330.0 |
| 020 |
|
|
|a 9836231021
|
| 090 |
0 |
0 |
|a 297.1975
|b RAH
|
| 100 |
0 |
|
|a Fazlur Rahman
|
| 245 |
0 |
0 |
|a Kesihatan dan perubahan dalam tradisi Islam :
|b perubahan dan indentiti
|c oleh Fazlur Rahman ; penterjemah Wan Mohd.Nor Wan Daud dan Shahrul Amar Abdullah
|
| 260 |
|
|
|a Kuala Lumpur :
|b DBP ,
|c 1992
|
| 300 |
|
|
|a 232p. ;
|c 22cm.
|
| 650 |
0 |
0 |
|a Health
|x Religious aspects
|x Islam
|
| 650 |
0 |
0 |
|a Medicine
|x Religious aspects
|x Islam
|
| 700 |
0 |
|
|a Shahrul Amar Abdullah
|
| 700 |
0 |
|
|a Wan Mohd.Nor Wan Daud
|
| 999 |
|
|
|a 033557
|b BUKU
|c PINJAMAN
|e PERPUSTAKAAN KOMUNITI PETALING JAYA
|